Multiple Choice City Quiz - Chennai - Statistics

General Stats
  • This quiz has been taken 17 times
  • The average score is 8 of 10
Answer Stats
Question Answer % Correct
Which State of India is Chennai in? Tamil Nadu
100%
Which River does NOT Run Through Chennai? Ganges
93%
Which Cricket Team is From Chennai Super Kings
93%
What Dance Style Originates from Chennai? Bharatanatyam
87%
Which Famous Actor is From Chennai Rajinikanth
87%
Which one of These Beaches is in Chennai Marina
80%
Which is NOT one of the 3 Most Spoken Languages in Chennai Hindi
73%
Out of these 4 Which Sport does Chennai NOT Have a Professional Team In. Baseball
67%
What is the Population of the Chennai Metro Area? 10,000,000 — 15,000,000
60%
Which Attraction is in Chennai Kapaleeshwarar Temple
60%
No matching quizzes found
Score Distribution
Percent of People with Each Score
Percentile by Number Answered
Your Score History
You have not taken this quiz